The 8 Planets - Statistics

General Stats
  • This quiz has been taken 520 times
  • The average score is 8 of 8
Answer Stats
Number Planet % Correct
4 Mars
99%
3 Earth
98%
5 Jupiter
98%
2 Venus
97%
6 Saturn
96%
7 Uranus
95%
1 Mercury
93%
8 Neptune
93%
No matching quizzes found
Score Distribution
Percent of People with Each Score
Percentile by Number Answered
Your Score History
You have not taken this quiz